Cullens Family Quiz Stats

 Plays Quiz not verified by Sporcle

Score 0/7 Timer 01:00
0 Plays Today
relashionship Member % Correct
BrotherEdward
95.8%
SisterAlice
94.4%
BrotherJasper
93.8%
ProviderCarlisle
91.7%
CaretakerEsme
91%
SisterRosalie
88.9%
BrotherEmmett
88.2%

You're not logged in!

Compare scores with friends on all Sporcle quizzes.
Join for Free
OR
Log In

You Might Also Like...

Show Comments

Extras

Created Nov 15, 2009ReportFavoriteNominate
Tags:cullen, family

Top Quizzes Today


Score Distribution

Your Account Isn't Verified!

In order to create a playlist on Sporcle, you need to verify the email address you used during registration. Go to your Sporcle Settings to finish the process.

Report this User

Report this user for behavior that violates our Community Guidelines.

Details: